[Event "4NCL Division 1 & 2"]
[Site "Daventry, ENG"]
[Date "2022.03.26"]
[Round "5.11"]
[White "Shirov, Alexei"]
[Black "Wadsworth, Matthew J"]
[Result "1-0"]
[WhiteElo "2691"]
[BlackElo "2432"]
[PlyCount "77"]
[EventDate "2022.03.26"]
[WhiteTeam "Chess.com Manx Liberty"]
[BlackTeam "Guildford Young Guns"]

1. e4 c5 2. Nf3 e6 3. d4 cxd4 4. Nxd4 Nc6 5. Nc3 Qc7 6. Be3 a6 7. Qf3 Ne5 8.
Qg3 h5 9. f4 h4 10. Qh3 Nc4 11. Bxc4 Qxc4 12. e5 b5 13. Nce2 Bb7 14. O-O Ne7
15. b3 Qc7 16. c4 b4 17. f5 exf5 18. Nxf5 Nxf5 19. Qxf5 O-O-O 20. Nf4 Bc5 21.
Rae1 Bxe3+ 22. Rxe3 Qc5 23. Rfe1 f6 24. Nd3 Qc6 25. R1e2 fxe5 26. Nxe5 Qc5 27.
Qf2 Rh6 28. h3 Rf6 29. Qxh4 Re8 30. Nd3 Qxe3+ 31. Rxe3 Rxe3 32. Qh8+ Kc7 33.
Qxg7 Rf5 34. Qg4 Be4 35. Nc5 Bb1 36. Qd4 Re1+ 37. Kh2 d6 38. Nxa6+ Kd7 39. c5
1-0

[Event "4NCL Division 1 & 2"]
[Site "Daventry, ENG"]
[Date "2022.03.26"]
[Round "5.12"]
[White "Clarke, Brandon G I"]
[Black "Lupulescu, Constantin"]
[Result "1/2-1/2"]
[WhiteElo "2435"]
[BlackElo "2622"]
[PlyCount "114"]
[EventDate "2022.03.26"]
[WhiteTeam "Guildford Young Guns"]
[BlackTeam "Chess.com Manx Liberty"]

1. e4 c5 2. Nf3 d6 3. d4 cxd4 4. Nxd4 Nf6 5. Nc3 Nc6 6. Bg5 e6 7. Qd2 a6 8.
O-O-O Bd7 9. f4 Be7 10. Nf3 b5 11. Bxf6 gxf6 12. f5 Qa5 13. Kb1 Rc8 14. g3 b4
15. fxe6 fxe6 16. Ne2 Ne5 17. Ned4 O-O 18. Bh3 Nxf3 19. Nxf3 Qh5 20. Qg2 Rc5
21. Nd4 Re5 22. Rhe1 a5 23. Ne2 a4 24. Nf4 Qf7 25. Nd5 b3 26. Nxe7+ Qxe7 27.
cxb3 axb3 28. Qd2 Bc6 29. Qxd6 Bxe4+ 30. Ka1 Qxd6 31. Rxd6 f5 32. Ra6 Rd5 33.
axb3 Rd6 34. Ra3 Rfd8 35. Bg4 Rd2 36. b4 R8d4 37. Bf3 Rxb4 38. Bxe4 fxe4 39.
Ra7 Rdxb2 40. Rc1 Rb8 41. Rc8+ Rxc8 42. Kxb2 Rc4 43. Kb3 Rc1 44. Re7 Rc6 45.
Rd7 Rc5 46. Re7 e5 47. Kb4 Kf8 48. Rxh7 Rd5 49. Kc3 e3 50. Rh4 Rd4 51. Rxd4
exd4+ 52. Kd3 Kf7 53. h4 Kg6 54. g4 Kf6 55. h5 Kg5 56. Ke2 Kh6 57. Kf3 Kg5
1/2-1/2

[Event "4NCL Division 1 & 2"]
[Site "Daventry, ENG"]
[Date "2022.03.26"]
[Round "5.13"]
[White "Parligras, Mircea-Emilian"]
[Black "Hebden, Mark L"]
[Result "1/2-1/2"]
[WhiteElo "2573"]
[BlackElo "2451"]
[PlyCount "73"]
[EventDate "2022.03.26"]
[WhiteTeam "Chess.com Manx Liberty"]
[BlackTeam "Guildford Young Guns"]

1. d4 Nf6 2. c4 g6 3. Nc3 Bg7 4. e4 d6 5. h3 O-O 6. Be3 c5 7. Nf3 cxd4 8. Nxd4
a6 9. Qd2 Nc6 10. Be2 Nxd4 11. Bxd4 Be6 12. O-O Qa5 13. Qe3 Nd7 14. Bxg7 Kxg7
15. Rac1 Rfc8 16. Nd5 Bxd5 17. exd5 Nf6 18. a3 Qc5 19. Qd2 a5 20. b4 axb4 21.
axb4 Qa7 22. Rfe1 Rc7 23. Bf1 h5 24. Rcd1 Qa3 25. Re3 Qa4 26. Rde1 b5 27. cxb5
Qa2 28. Qxa2 Rxa2 29. Rxe7 Rxe7 30. Rxe7 Rb2 31. b6 Rxb4 32. b7 Nxd5 33. Rd7
Nf6 34. Rc7 Nd5 35. Rd7 Nf6 36. Rc7 Nd5 37. Rd7 1/2-1/2

[Event "4NCL Division 1 & 2"]
[Site "Daventry, ENG"]
[Date "2022.03.26"]
[Round "5.15"]
[White "Bobras, Piotr"]
[Black "Kilpatrick, Callum"]
[Result "1/2-1/2"]
[WhiteElo "2495"]
[BlackElo "2409"]
[PlyCount "71"]
[EventDate "2022.03.26"]
[WhiteTeam "Chess.com Manx Liberty"]
[BlackTeam "Guildford Young Guns"]

1. d4 Nf6 2. c4 g6 3. Nc3 d5 4. cxd5 Nxd5 5. e4 Nxc3 6. bxc3 Bg7 7. Nf3 c5 8.
Bb5+ Nc6 9. O-O a6 10. Bxc6+ bxc6 11. Ba3 cxd4 12. cxd4 O-O 13. h3 Rb8 14. Qc2
Re8 15. Bc5 Qc7 16. Rab1 h6 17. Rxb8 Qxb8 18. Rb1 Qf4 19. Qe2 g5 20. Qe3 Qxe3
21. fxe3 e5 22. Rb8 exd4 23. exd4 Bd7 24. Rxe8+ Bxe8 25. Kf2 f6 26. Nd2 h5 27.
g4 Bf7 28. a3 Be6 29. Kf3 hxg4+ 30. hxg4 Bf8 31. Bxf8 Kxf8 32. Nf1 Ke7 33. Ne3
Kd6 34. Ke2 Ba2 35. Nf5+ Kd7 36. Kd3 1/2-1/2

[Event "4NCL Division 1 & 2"]
[Site "Daventry, ENG"]
[Date "2022.03.26"]
[Round "5.16"]
[White "Grieve, Harry"]
[Black "Cyborowski, Lukasz"]
[Result "1/2-1/2"]
[WhiteElo "2381"]
[BlackElo "2495"]
[PlyCount "65"]
[EventDate "2022.03.26"]
[WhiteTeam "Guildford Young Guns"]
[BlackTeam "Chess.com Manx Liberty"]

1. e4 c5 2. Nc3 e6 3. Nf3 a6 4. g3 Nc6 5. Bg2 d6 6. O-O Nf6 7. Re1 Bd7 8. d4
cxd4 9. Nxd4 Be7 10. Nxc6 Bxc6 11. e5 dxe5 12. Bxc6+ bxc6 13. Rxe5 Qxd1+ 14.
Nxd1 O-O 15. Ra5 Rfd8 16. Be3 Kf8 17. Kf1 Nd5 18. Ke2 Rdb8 19. b3 Rb5 20. Ra4
Rb4 21. Rxb4 Bxb4 22. a3 Be7 23. Bd2 Rb8 24. Ne3 Nxe3 25. Bxe3 Rb5 26. a4 Rd5
27. Rd1 Ke8 28. Rd4 h5 29. h3 g6 30. g4 hxg4 31. hxg4 Kd7 32. f3 f5 33. gxf5
1/2-1/2

[Event "4NCL Division 1 & 2"]
[Site "Daventry, ENG"]
[Date "2022.03.26"]
[Round "5.21"]
[White "Jones, Gawain C B"]
[Black "Adams, Michael"]
[Result "1/2-1/2"]
[WhiteElo "2672"]
[BlackElo "2698"]
[PlyCount "77"]
[EventDate "2022.03.26"]
[WhiteTeam "Chessable White Rose 1"]
[BlackTeam "Wood Green"]

1. e4 e5 2. Nf3 Nc6 3. Bc4 Bc5 4. c3 Nf6 5. d4 exd4 6. cxd4 Bb4+ 7. Nbd2 d5 8.
exd5 Nxd5 9. O-O O-O 10. a3 Bxd2 11. Bxd2 Be6 12. Re1 h6 13. Rc1 Qd6 14. Qb3 a6
15. Qd3 Rfe8 16. Ne5 Nce7 17. Qf3 c6 18. Bd3 Rad8 19. h3 f6 20. Ng6 Nxg6 21.
Bxg6 Bf7 22. Be4 Qd7 23. h4 Ne7 24. Ba5 Ra8 25. Bb4 Nd5 26. Bd2 Ne7 27. Bxh6
gxh6 28. Qxf6 Bd5 29. Rc3 Bxe4 30. Rg3+ Bg6 31. h5 Nf5 32. Qxg6+ Kh8 33. Qf6+
Kh7 34. Qg6+ Kh8 35. Qf6+ Kh7 36. Rxe8 Rxe8 37. Qg6+ Kh8 38. Qf6+ Kh7 39. Qg6+
1/2-1/2

[Event "4NCL Division 1 & 2"]
[Site "Daventry, ENG"]
[Date "2022.03.26"]
[Round "5.22"]
[White "Tan, Justin"]
[Black "Palliser, Richard J D"]
[Result "1-0"]
[WhiteElo "2533"]
[BlackElo "2414"]
[PlyCount "79"]
[EventDate "2022.03.26"]
[WhiteTeam "Wood Green"]
[BlackTeam "Chessable White Rose 1"]

1. d4 Nf6 2. c4 g6 3. g3 Bg7 4. Bg2 O-O 5. Nc3 d6 6. Nf3 Bf5 7. Nh4 Bc8 8. O-O
e5 9. Nf3 exd4 10. Nxd4 Re8 11. b3 c6 12. Bb2 Na6 13. Qc2 Qa5 14. Rad1 Qh5 15.
Rfe1 Bh3 16. Bh1 Rad8 17. e4 Bc8 18. Bg2 Bh3 19. Bxh3 Qxh3 20. f3 Nc5 21. Qf2
a5 22. Nde2 Qc8 23. Nf4 Qc7 24. Ncd5 Nxd5 25. cxd5 Bxb2 26. Qxb2 Nd7 27. dxc6
bxc6 28. Kg2 Ne5 29. Qc3 Ra8 30. Nd5 Qd8 31. Ne3 h5 32. h3 Qe7 33. f4 Nd7 34.
Nc4 Nf6 35. Nxd6 Red8 36. Qxc6 h4 37. g4 Qe6 38. e5 Nxg4 39. hxg4 Qxg4+ 40. Kh1
1-0

[Event "4NCL Division 1 & 2"]
[Site "Daventry, ENG"]
[Date "2022.03.26"]
[Round "5.23"]
[White "Adair, James R"]
[Black "Speelman, Jon S"]
[Result "1-0"]
[WhiteElo "2447"]
[BlackElo "2505"]
[PlyCount "77"]
[EventDate "2022.03.26"]
[WhiteTeam "Chessable White Rose 1"]
[BlackTeam "Wood Green"]

1. e4 c6 2. d4 d5 3. e5 Bf5 4. Nd2 e6 5. Nb3 Nd7 6. Nf3 Qc7 7. Be2 c5 8. c3 b6
9. O-O Ne7 10. Nh4 Bg6 11. Bf4 c4 12. Nd2 Rc8 13. g4 f6 14. Bg3 fxe5 15. f4
exf4 16. Bxf4 e5 17. Bg3 Bf7 18. Ndf3 Nc6 19. Ng5 Bg8 20. Qa4 Qd8 21. Nh3 g6
22. Rae1 e4 23. Bxc4 dxc4 24. Rxe4+ Be7 25. Bd6 Bd5 26. Re2 a6 27. Qxa6 Ndb8
28. Qa3 Kd7 29. Bxe7 Nxe7 30. Nf4 Nbc6 31. Nxd5 Nxd5 32. Rf7+ Nce7 33. Qa4+ Kd6
34. Nf3 Ra8 35. Qxc4 Qc8 36. Rfxe7 Nxe7 37. Qb4+ Kc6 38. Rxe7 Ra5 39. c4 1-0

[Event "4NCL Division 1 & 2"]
[Site "Daventry, ENG"]
[Date "2022.03.26"]
[Round "5.24"]
[White "Haria, Ravi"]
[Black "Ashton, Adam G"]
[Result "1-0"]
[WhiteElo "2499"]
[BlackElo "2381"]
[PlyCount "114"]
[EventDate "2022.03.26"]
[WhiteTeam "Wood Green"]
[BlackTeam "Chessable White Rose 1"]

1. e4 e5 2. Nf3 Nc6 3. Bc4 Nf6 4. d3 Be7 5. O-O d6 6. a4 O-O 7. Nc3 Bg4 8. Be3
Nd4 9. Bxd4 exd4 10. Nd5 Nxd5 11. Bxd5 c6 12. Bb3 c5 13. h3 Be6 14. Bd5 Qd7 15.
Nd2 Rfe8 16. Bxe6 fxe6 17. f4 Rf8 18. Nc4 Rae8 19. Qg4 Bd8 20. e5 Bc7 21. exd6
Bxd6 22. Rae1 Bc7 23. b3 Rf5 24. h4 Ref8 25. g3 Qd5 26. Qe2 R8f6 27. Qe4 Rg6
28. Kh2 h5 29. Re2 Qd8 30. Rg2 b6 31. Nd2 Qf6 32. Nf3 Qf8 33. Re1 Kh8 34. Ng5
e5 35. Qb7 Bd8 36. Nh3 exf4 37. Nxf4 Rxf4 38. gxf4 Qxf4+ 39. Kg1 Rxg2+ 40. Qxg2
Bxh4 41. Re8+ Kh7 42. Qe4+ Qxe4 43. dxe4 Be1 44. Re7 Kg6 45. Rxa7 Kf6 46. e5+
Kg6 47. Rb7 Ba5 48. Kg2 Kf5 49. Rxg7 Kxe5 50. Re7+ Kd6 51. Re4 Bc3 52. Rh4 c4
53. Rxh5 cxb3 54. cxb3 d3 55. Kf3 d2 56. Ke2 Kc6 57. Rh3 Kd5 1-0

[Event "4NCL Division 1 & 2"]
[Site "Daventry, ENG"]
[Date "2022.03.26"]
[Round "5.25"]
[White "Wells, Peter K"]
[Black "Harvey, Marcus R"]
[Result "1/2-1/2"]
[WhiteElo "2380"]
[BlackElo "2462"]
[PlyCount "111"]
[EventDate "2022.03.26"]
[WhiteTeam "Chessable White Rose 1"]
[BlackTeam "Wood Green"]

1. Nf3 Nf6 2. c4 e6 3. g3 b6 4. Bg2 Bb7 5. O-O Be7 6. Nc3 O-O 7. d4 Ne4 8. Bd2
d6 9. Ne1 Nxc3 10. Bxc3 Bxg2 11. Nxg2 d5 12. e4 c6 13. cxd5 cxd5 14. exd5 exd5
15. Qf3 Qd7 16. Nf4 Rd8 17. Rfe1 Nc6 18. Rad1 Rac8 19. h4 Qf5 20. Kg2 g6 21. g4
Qf6 22. h5 b5 23. b3 g5 24. Ne2 Qxf3+ 25. Kxf3 Bd6 26. Bd2 h6 27. Kg2 Re8 28.
Nc3 Rxe1 29. Bxe1 a6 30. Nxd5 Ne7 31. Nf6+ Kg7 32. Ne4 Rd8 33. Ba5 Rd7 34. Nxd6
Rxd6 35. Bb4 Rd7 36. Bxe7 Rxe7 37. d5 Kf6 38. Kf3 Rd7 39. Ke4 Re7+ 40. Kf3 Rd7
41. Ke4 Re7+ 42. Kd4 Re2 43. Rd3 Rxa2 44. Re3 a5 45. d6 a4 46. bxa4 bxa4 47.
Kd5 a3 48. Rf3+ Kg7 49. d7 Rd2+ 50. Kc6 a2 51. Ra3 Rc2+ 52. Kb7 Rb2+ 53. Kc8
Rc2+ 54. Kb7 Rb2+ 55. Kc7 Rc2+ 56. Kb7 1/2-1/2

[Event "4NCL Division 1 & 2"]
[Site "Daventry, ENG"]
[Date "2022.03.26"]
[Round "5.26"]
[White "McPhillips, Joseph"]
[Black "Camacho Collados, Jose"]
[Result "0-1"]
[WhiteElo "2414"]
[BlackElo "2403"]
[PlyCount "112"]
[EventDate "2022.03.26"]
[WhiteTeam "Wood Green"]
[BlackTeam "Chessable White Rose 1"]

1. d4 b6 2. e4 Bb7 3. f3 e6 4. Nh3 d5 5. Nf2 c5 6. exd5 Qxd5 7. dxc5 Qxd1+ 8.
Nxd1 Bxc5 9. Be3 Nd7 10. Nd2 Ngf6 11. Nb3 Bb4+ 12. c3 Bd6 13. a4 Nd5 14. a5
Nxe3 15. Nxe3 Nc5 16. Nd4 Bf4 17. Kf2 O-O-O 18. Nc4 Kb8 19. axb6 axb6 20. b4 e5
21. Nb5 Nb3 22. Ra3 Nc1 23. Ncd6 e4 24. Nxe4 f5 25. g3 Be5 26. Ng5 Rhe8 27. c4
Rd2+ 28. Ke3 Bc3+ 29. Kf4 Bxb4 30. Re3 Red8 31. Kxf5 Bc8+ 32. Ne6 Rf8+ 33. Kg5
Be7+ 34. Kg4 Rf6 35. Nbc7 Rd4+ 36. f4 h5+ 37. Kxh5 Rh6+ 38. Kg4 Bd6 39. Kg5
Be7+ 40. Kf5 Rf6+ 41. Kg4 g5 42. Kh5 gxf4 43. Nxd4 fxe3 44. Nd5 Bb7 45. Bg2
Bxd5 46. Bxd5 Nd3 47. Ra1 Nb4 48. Ra8+ Kc7 49. Ra7+ Kd8 50. Ra3 Nxd5 51. Ra8+
Kd7 52. cxd5 Bc5 53. Nc6 Rf5+ 54. Kg4 Rxd5 55. Nb8+ Kc7 56. Ra1 Kxb8 0-1

[Event "4NCL Division 1 & 2"]
[Site "Daventry, ENG"]
[Date "2022.03.26"]
[Round "5.27"]
[White "Chow, Samuel"]
[Black "McDonald, Neil"]
[Result "1/2-1/2"]
[WhiteElo "2392"]
[BlackElo "2408"]
[PlyCount "177"]
[EventDate "2022.03.26"]
[WhiteTeam "Chessable White Rose 1"]
[BlackTeam "Wood Green"]

1. d4 f5 2. c4 Nf6 3. g3 g6 4. Bg2 Bg7 5. Nf3 O-O 6. O-O d6 7. Nc3 Qe8 8. b3 e5
9. dxe5 dxe5 10. e4 Nc6 11. Nd5 Qd7 12. Ba3 Rd8 13. exf5 e4 14. Ng5 gxf5 15.
Rc1 h6 16. Nxf6+ Bxf6 17. Qxd7 Rxd7 18. Ne6 Kf7 19. Nf4 Rd2 20. Nd5 Rxa2 21.
Nxf6 Rxa3 22. Nd5 Rxb3 23. Nxc7 Rb8 24. Rb1 Rxb1 25. Rxb1 Be6 26. Nxe6 Kxe6 27.
f3 exf3 28. Bxf3 Nd4 29. Bxb7 Kd6 30. Rd1 Kc5 31. Bd5 a5 32. Ra1 Nb3 33. Ra4
Rb4 34. Ra2 Kb6 35. Be6 Nc5 36. Bxf5 a4 37. g4 Rxc4 38. h4 Ne4 39. Kg2 Nc3 40.
Ra1 Rf4 41. Kg3 Ne2+ 42. Kg2 Ka5 43. Bd7 Nc3 44. g5 Rxh4 45. gxh6 Rxh6 46. Bxa4
Nxa4 47. Kf3 Kb4 48. Ke4 Nc5+ 49. Kd5 Rh5+ 50. Kd6 Ne4+ 51. Ke6 Kb5 52. Rc1
Nc5+ 53. Kd6 Ne4+ 54. Ke6 Kb4 55. Rc2 Nc3 56. Rg2 Kc5 57. Rf2 Kd4 58. Rf5 Rh4
59. Rf1 Nd5 60. Rd1+ Ke4 61. Re1+ Ne3 62. Kd6 Kd4 63. Ke6 Rh6+ 64. Kd7 Nf5 65.
Ra1 Kd5 66. Ra5+ Ke4 67. Ra1 Nd4 68. Ra4 Rg6 69. Ke7 Rb6 70. Ra1 Nc6+ 71. Kd6
Ne5+ 72. Ke7 Nd3 73. Rd1 Nb4 74. Re1+ Kd5 75. Rd1+ Kc5 76. Rc1+ Kb5 77. Kd7
Rb7+ 78. Kd6 Rh7 79. Ke6 Na6 80. Kd6 Rh6+ 81. Kd5 Nb4+ 82. Ke4 Rh4+ 83. Kf5 Nd5
84. Kg5 Rh3 85. Kg4 Rd3 86. Kf5 Nc3 87. Ke5 Kc4 88. Ke6 Kd4 89. Kf5 1/2-1/2

[Event "4NCL Division 1 & 2"]
[Site "Daventry, ENG"]
[Date "2022.03.26"]
[Round "5.31"]
[White "Roberson, Peter T"]
[Black "Pert, Nicholas"]
[Result "1/2-1/2"]
[WhiteElo "2425"]
[BlackElo "2543"]
[PlyCount "55"]
[EventDate "2022.03.26"]
[WhiteTeam "The Sharks 1"]
[BlackTeam "Cheddleton"]

1. e4 c5 2. Nf3 Nc6 3. d4 cxd4 4. Nxd4 e5 5. Nb5 d6 6. N1c3 a6 7. Na3 Be6 8.
Nc4 b5 9. Ne3 Nf6 10. Bd3 g6 11. a4 b4 12. Ncd5 Bxd5 13. exd5 Ne7 14. Bd2 Bg7
15. Bxb4 O-O 16. Be2 Ne8 17. Nc4 Rb8 18. c3 f5 19. O-O g5 20. Na5 Qc8 21. Qd3
Ra8 22. Qc4 Qd7 23. Nc6 Ng6 24. Rfe1 g4 25. Na5 Ne7 26. Nc6 Ng6 27. Na5 Ne7 28.
Nc6 1/2-1/2

[Event "4NCL Division 1 & 2"]
[Site "Daventry, ENG"]
[Date "2022.03.26"]
[Round "5.41"]
[White "Gormally, Daniel W"]
[Black "O'Donnell, Conor"]
[Result "1/2-1/2"]
[WhiteElo "2476"]
[BlackElo "2299"]
[PlyCount "75"]
[EventDate "2022.03.26"]
[WhiteTeam "Blackthorne"]
[BlackTeam "Wood Green Youth"]

1. d4 d5 2. c4 dxc4 3. Nf3 Nf6 4. Nc3 a6 5. e4 b5 6. e5 Nd5 7. a4 e6 8. axb5
Bb4 9. Bd2 Nb6 10. Be2 O-O 11. O-O Bb7 12. Qc2 Be7 13. Rac1 Qd7 14. bxa6 Nxa6
15. Ne4 h6 16. Rfd1 Qa4 17. Qb1 Rfb8 18. Be3 Bd5 19. Nc3 Qd7 20. Nd2 c6 21.
Nde4 Nb4 22. Nc5 Qa7 23. Nxd5 cxd5 24. Nxe6 Na2 25. Rc2 fxe6 26. Bg4 Qd7 27.
Re2 Bf8 28. f4 c3 29. Qg6 Re8 30. f5 Qf7 31. Qxf7+ Kxf7 32. Bh5+ Kg8 33. Bxe8
Rxe8 34. Ra1 cxb2 35. Rxb2 Nc4 36. Raxa2 Nxe3 37. fxe6 Nf5 38. Rb5 1/2-1/2

[Event "4NCL Division 1 & 2"]
[Site "Daventry, ENG"]
[Date "2022.03.26"]
[Round "5.47"]
[White "Ledger, Stephen C"]
[Black "Horton, Jamie A"]
[Result "0-1"]
[WhiteElo "2179"]
[BlackElo "2253"]
[PlyCount "114"]
[EventDate "2022.03.26"]
[WhiteTeam "Blackthorne"]
[BlackTeam "Wood Green Youth"]

1. d4 Nf6 2. Bg5 Ne4 3. Bf4 d5 4. e3 c5 5. Bd3 cxd4 6. Bxe4 dxe4 7. Qxd4 Nc6 8.
Qxd8+ Nxd8 9. Nc3 f6 10. Nxe4 e5 11. Bg3 Bf5 12. f3 Ne6 13. Nc3 Bxc2 14. Nge2
Rd8 15. Rc1 Bd3 16. Bf2 Ba6 17. e4 Nc5 18. Bxc5 Bxc5 19. Nd5 Bd6 20. Nc7+ Bxc7
21. Rxc7 O-O 22. Nc3 Rf7 23. Rc5 Rfd7 24. Rd5 Bc4 25. Rxd7 Rxd7 26. b3 Rd3 27.
Nb1 Ba6 28. Kf2 h5 29. g3 Kf7 30. Re1 g5 31. Re3 Rd1 32. Re1 Rd4 33. Re3 Ke6
34. Re1 g4 35. fxg4 hxg4 36. Ke3 Bb5 37. Kf2 Rd3 38. Re3 Rd1 39. Nc3 Rf1+ 40.
Kg2 Ba6 41. Nd5 Ra1 42. Nb4 Bb5 43. a4 Be8 44. Nd3 b6 45. Nf2 f5 46. Rc3 Rb1
47. h3 gxh3+ 48. Kxh3 fxe4 49. Nxe4 Re1 50. Ng5+ Kf6 51. Nf3 Re2 52. g4 e4 53.
Nd4 Rd2 54. g5+ Ke5 55. Nc6+ Kf4 56. Nb8 Bg6 57. Kh4 Bf5 0-1

[Event "4NCL Division 1 & 2"]
[Site "Daventry, ENG"]
[Date "2022.03.26"]
[Round "5.62"]
[White "Delaney, Killian"]
[Black "Townsend, M Paul"]
[Result "1-0"]
[WhiteElo "2294"]
[BlackElo "2241"]
[PlyCount "77"]
[EventDate "2022.03.26"]
[WhiteTeam "Gonzaga"]
[BlackTeam "Chessable White Rose 2"]

1. c4 e5 2. Nc3 Bb4 3. Nd5 Be7 4. d4 d6 5. e4 Nf6 6. Nxe7 Qxe7 7. f3 c5 8. d5
O-O 9. Bg5 h6 10. Be3 Nh7 11. g4 h5 12. h3 g6 13. Bd3 f5 14. gxf5 gxf5 15. exf5
Bxf5 16. Bxf5 Rxf5 17. Qc2 Qh4+ 18. Kd2 Rf6 19. Ne2 Nd7 20. Rag1+ Kh8 21. Rg3
Rg8 22. Rxg8+ Kxg8 23. Rg1+ Kh8 24. Rg3 b5 25. cxb5 Qb4+ 26. Nc3 Nb6 27. a3
Nc4+ 28. Kc1 Nxe3 29. axb4 Nxc2 30. Kxc2 cxb4 31. Ne4 h4 32. Rg4 b3+ 33. Kd2
Rxf3 34. Rxh4 Rf7 35. Nxd6 Rd7 36. Rh6 Kg8 37. Ke3 Kf8 38. Ne4 Ng5 39. Nxg5 1-0

[Event "4NCL Division 1 & 2"]
[Site "Daventry, ENG"]
[Date "2022.03.26"]
[Round "5.65"]
[White "Wall, Tim P"]
[Black "Freeman, Gordon"]
[Result "1-0"]
[WhiteElo "2288"]
[BlackElo "2096"]
[PlyCount "89"]
[EventDate "2022.03.26"]
[WhiteTeam "Chessable White Rose 2"]
[BlackTeam "Gonzaga"]

1. d4 d5 2. Bg5 c6 3. e3 Bf5 4. c4 Qb6 5. Qb3 e6 6. Nc3 Nd7 7. Nf3 Ngf6 8. c5
Qc7 9. Bf4 Qc8 10. Qa4 Be7 11. Be2 O-O 12. O-O Ne4 13. Rac1 Bg4 14. Qc2 Bxf3
15. Bxf3 f5 16. Nxe4 fxe4 17. Bg4 Nf6 18. Bh3 h6 19. Be5 g5 20. f4 g4 21. Bxf6
Rxf6 22. Bxg4 Kh8 23. Qe2 Qc7 24. b4 a6 25. Bh3 Rg8 26. Kh1 Bd8 27. Qh5 Qg7 28.
Rf2 Bc7 29. a4 Qe7 30. Rb2 Rgf8 31. Rbb1 Qg7 32. g3 Rg6 33. b5 axb5 34. axb5
Ba5 35. Rd1 Rg8 36. b6 Qf7 37. Ra1 Bc3 38. Ra3 Bb4 39. Rb3 Ba5 40. Ra1 R8g7 41.
Rxa5 Rxg3 42. Qxh6+ Rh7 43. Ra8+ Rg8 44. Rxg8+ Kxg8 45. Qxe6 1-0

[Event "4NCL Division 1 & 2"]
[Site "Daventry, ENG"]
[Date "2022.03.26"]
[Round "5.72"]
[White "Cooper, John G"]
[Black "Powierski, Emil"]
[Result "1-0"]
[WhiteElo "2229"]
[BlackElo "2318"]
[PlyCount "165"]
[EventDate "2022.03.26"]
[WhiteTeam "West is Best 1"]
[BlackTeam "Oxford 1"]

1. Nf3 c5 2. c4 Nf6 3. Nc3 Nc6 4. g3 g6 5. Bg2 Bg7 6. d4 cxd4 7. Nxd4 O-O 8.
O-O Qb6 9. Nb3 d6 10. Bg5 Be6 11. Nd5 Bxd5 12. cxd5 Ne5 13. Qd4 Qa6 14. Qd2 Nc4
15. Qd3 h6 16. Bc1 Nd7 17. Nd4 Nc5 18. Qd1 Na4 19. Rb1 Rac8 20. e3 Nab6 21. a3
Ne5 22. Bd2 Qa4 23. b3 Qxa3 24. Ra1 Qc5 25. Rxa7 Rb8 26. Ra2 Rfc8 27. Qe2 Ra8
28. Rc2 Qa3 29. Rxc8+ Rxc8 30. Qb5 Qc5 31. Qxc5 Rxc5 32. Ra1 Ned7 33. Ra7 Rc7
34. Nb5 Rc2 35. Be1 Rc1 36. Kf1 Nc5 37. Ke2 Rc2+ 38. Kd1 Rb2 39. b4 Nd3 40.
Rxb7 Nc4 41. Bf1 Nce5 42. Bxd3 Nxd3 43. Rxe7 Bf8 44. Rc7 Ra2 45. Ra7 Nxf2+ 46.
Bxf2 Rxf2 47. Nd4 Rb2 48. Nc6 Rxh2 49. Ra8 h5 50. b5 Rb2 51. Rb8 g5 52. Kc1 Ra2
53. b6 Ra6 54. b7 Rb6 55. Ne7+ Kg7 56. Nf5+ Kf6 57. Rxf8 Rxb7 58. e4 Rb3 59.
Kd2 Rb2+ 60. Kd3 Ra2 61. Re8 Ra3+ 62. Kc4 Rf3 63. Nxd6 Rxg3 64. e5+ Kg6 65.
Rg8+ Kh7 66. Rg7+ Kh8 67. Rxf7 h4 68. Ne4 Rg4 69. Kd3 h3 70. Rh7+ Kxh7 71. Nf6+
Kg6 72. Nxg4 Kf5 73. e6 Kxg4 74. e7 h2 75. e8=Q h1=Q 76. Qe4+ Qxe4+ 77. Kxe4
Kh3 78. d6 g4 79. d7 g3 80. d8=Q g2 81. Kf3 g1=N+ 82. Kf2 Kh2 83. Qd6+ 1-0

[Event "4NCL Division 1 & 2"]
[Site "Daventry, ENG"]
[Date "2022.03.26"]
[Round "5.84"]
[White "Milson, Samuel A"]
[Black "Berry, Neil"]
[Result "1/2-1/2"]
[WhiteElo "2139"]
[BlackElo "2274"]
[PlyCount "61"]
[EventDate "2022.03.26"]
[WhiteTeam "The Sharks 2"]
[BlackTeam "Alba"]

1. e4 e5 2. Nf3 Nc6 3. Bc4 Nf6 4. d4 exd4 5. e5 d5 6. Bb5 Ne4 7. Nxd4 Bc5 8.
Be3 O-O 9. Nxc6 bxc6 10. Bxc5 Nxc5 11. Bxc6 Rb8 12. Qxd5 Qe7 13. O-O Rxb2 14.
Nc3 Rxc2 15. Qd4 Ne6 16. Qd3 Rb2 17. Nd5 Qc5 18. Rac1 Qd4 19. Qf5 Qh4 20. g3
Nd4 21. Qd3 Qg4 22. Ne7+ Kh8 23. Rc4 Ne2+ 24. Kh1 Ba6 25. Qxh7+ Kxh7 26. Rxg4
g6 27. Re1 Bd3 28. Be4 Bc4 29. Bf3 Bd3 30. Be4 Bc4 31. Bf3 1/2-1/2

[Event "4NCL Division 1 & 2"]
[Site "Daventry, ENG"]
[Date "2022.03.26"]
[Round "5.94"]
[White "Oswald, Graeme"]
[Black "Lee, Richard W Y"]
[Result "0-1"]
[WhiteElo "2198"]
[BlackElo "2125"]
[PlyCount "140"]
[EventDate "2022.03.26"]
[WhiteTeam "North East England"]
[BlackTeam "Cambridge University 1"]

1. g3 d5 2. Bg2 Nf6 3. d3 e6 4. Nf3 Be7 5. O-O O-O 6. Bg5 c5 7. Nc3 Nc6 8. e4
d4 9. Ne2 e5 10. h3 Ne8 11. Bd2 Be6 12. Ne1 f6 13. f4 g5 14. f5 Bf7 15. g4 c4
16. h4 h6 17. Rf3 Qb6 18. b3 cxd3 19. cxd3 Bb4 20. Bc1 a5 21. Nc2 Nc7 22. hxg5
hxg5 23. Rh3 Nb5 24. Kf2 Kg7 25. Ng3 Rh8 26. Nh5+ Bxh5 27. gxh5 Kh6 28. Nxb4
axb4 29. Rg3 Rhg8 30. Bf3 Nc3 31. Qd2 Nb8 32. Bd1 Nd7 33. a4 Nc5 34. Rg4 Qc7
35. Bb2 Rgd8 36. Bc2 Rd6 37. Rag1 Rg8 38. Bc1 Qd8 39. R1g3 Rd7 40. Ke1 b6 41.
Qg2 Rdg7 42. Bd2 Qe7 43. Qf2 Qd8 44. Kf1 Rd7 45. Qg2 Rgg7 46. Kg1 Rb7 47. Kh2
b5 48. axb5 Rxb5 49. Qf2 Rb6 50. Qg1 Qe7 51. Rg2 Ra6 52. Qf2 Nd7 53. R4g3 Qd8
54. Qg1 Ra2 55. Qc1 Nf8 56. Rf3 Nh7 57. Rf1 Rc7 58. Rfg1 Qe7 59. Bb1 Nxe4 60.
Bxb4 Qf7 61. Qd1 Rc1 62. Qf3 Rxg2+ 63. Rxg2 Nc3 64. Bc2 Nd5 65. Ba3 Re1 66. b4
Ne3 67. b5 Nxg2 68. Kxg2 Qc7 69. Qf2 Qb7+ 70. Kg3 Qh1 0-1

[Event "4NCL Division 1 & 2"]
[Site "Daventry, ENG"]
[Date "2022.03.26"]
[Round "5.95"]
[White "Robertson, J Stuart"]
[Black "Dunn, Andrew"]
[Result "1/2-1/2"]
[WhiteElo "2167"]
[BlackElo "2161"]
[PlyCount "129"]
[EventDate "2022.03.26"]
[WhiteTeam "Cambridge University 1"]
[BlackTeam "North East England"]

1. d4 d5 2. c4 dxc4 3. e4 e5 4. Nf3 exd4 5. Bxc4 Nc6 6. O-O Be6 7. Bxe6 fxe6 8.
Qb3 Qd7 9. Qxb7 Rb8 10. Qa6 Nf6 11. e5 Nd5 12. Nbd2 Rb6 13. Qd3 Ndb4 14. Qe4
Qd5 15. Qg4 Nd3 16. Nb3 Ndxe5 17. Nxe5 Nxe5 18. Qxd4 Qxd4 19. Nxd4 c5 20. Nc2
Be7 21. b3 Kf7 22. Ba3 Rd8 23. Rfd1 Nd3 24. Ne3 Ra6 25. Nc4 Bf6 26. Rab1 Rd5
27. Rd2 Nb4 28. Re2 Rd3 29. Kf1 Rc3 30. Bb2 Rc2 31. Bxf6 gxf6 32. a3 Rxe2 33.
Kxe2 Nd5 34. Rc1 Nb6 35. Nd6+ Ke7 36. Nb5 Nd7 37. a4 Rb6 38. Rc3 a6 39. Na3 Ne5
40. Nc2 h6 41. f4 Nf7 42. Ne3 Nd6 43. Kd3 Rb4 44. Rxc5 Rxb3+ 45. Ke2 Kd7 46. f5
Ra3 47. fxe6+ Kxe6 48. a5 Ra2+ 49. Kf3 Ra3 50. h3 Kd7 51. g4 Nb7 52. Rh5 Nxa5
53. Ke4 Nb7 54. Rxh6 Nd6+ 55. Kf4 Ra4+ 56. Kf3 Ra3 57. Rh7+ Ke6 58. Rc7 Nf7 59.
Rc6+ Ke7 60. Ke2 Ra2+ 61. Kd1 Nd6 62. h4 Ra1+ 63. Ke2 Rh1 64. h5 f5 65. Nxf5+
1/2-1/2

[Event "4NCL Division 1 & 2"]
[Site "Daventry, ENG"]
[Date "2022.03.26"]
[Round "5.107"]
[White "Forster, Matthew"]
[Black "Stimpson, Philip M"]
[Result "1-0"]
[WhiteElo "2099"]
[BlackElo "1951"]
[PlyCount "115"]
[EventDate "2022.03.26"]
[WhiteTeam "Sussex Martlets 1"]
[BlackTeam "Guildford Castles"]

1. c4 c5 2. g3 g6 3. Bg2 Bg7 4. Nc3 Nc6 5. Nf3 Nf6 6. d4 cxd4 7. Nxd4 Nxd4 8.
Qxd4 d6 9. O-O O-O 10. Qd3 a6 11. Bd2 Nd7 12. b3 Rb8 13. Rac1 Ne5 14. Qc2 Bd7
15. h3 Bc6 16. e4 b5 17. cxb5 axb5 18. f4 b4 19. Nd1 Bb5 20. fxe5 Bxf1 21. Bxf1
Bxe5 22. Bf4 Qa5 23. Ne3 Ra8 24. Bc4 e6 25. Ng4 Bxf4 26. gxf4 Qxa2 27. Qxa2
Rxa2 28. Rd1 Rfa8 29. f5 Ra1 30. Rxa1 Rxa1+ 31. Kf2 gxf5 32. exf5 d5 33. Bb5
Kg7 34. f6+ Kg6 35. Bd3+ Kg5 36. Bxh7 Ra3 37. Bg8 Kg6 38. h4 Rxb3 39. h5+ Kxh5
40. Bxf7+ Kxg4 41. Bxe6+ Kf4 42. f7 Rb2+ 43. Kf1 Rb1+ 44. Kg2 Rb2+ 45. Kh3 Ke5
46. f8=Q Kxe6 47. Qh6+ Kf5 48. Qh7+ Kf4 49. Qd3 Ke5 50. Kg3 Kd6 51. Kf3 Ra2 52.
Qb5 Rb2 53. Ke3 Ke5 54. Qb8+ Ke6 55. Qe8+ Kd6 56. Qf8+ Ke6 57. Qh6+ Kf5 58.
Qh5+ 1-0